000 01134nam a22003137a 4500
999 _c19966
_d19966
003 AR-CdUCM
008 190524b ||||| |||| 00| 0 spa d
020 _a84-309-0666-5
040 _aMUNICIPALIDAD PROVINCIAL DEL CUSCO
_cBIBLIOTECA MUNICIPAL DEL CUSCO
082 _a119.04 /
_bAL464
100 _aAlston, W. P.
_941770
245 _aLos orígenes de la filosofía analítica :
_bMore, Russell, Wittgenstein /
260 _aMadrid :
_bTecnos,
_c1976.
300 _a173 páginas ;
_c21 cm.
440 _aSerie de filosofía y ensayo
_941771
505 _aContenido: La vida de Moore -- EL periodo de formación de la filosofía de Moore -- La filosofía genuina de Moore...
650 _aAnálisis
_92730
650 _aFilosofía
_9395
650 _aColecciones
_9607
700 _aEdwards, P.
_941772
700 _aMalcolm, J.
_941773
700 _aNelson, J. O.
_941774
700 _aPrior, A. N.
_941775
700 _aAnton, Amador (traducción)
_941776
700 _aSanchez, Ana (traducción)
_941777
700 _aGarcia Trevijano, Carmen (traducción)
_941778
942 _2ddc
_cLIBROS
945 _adavv
_d2019-05-24